000 011620000a22002170004500
020 _a978-987-1355-10-5
082 0 4 _aG 261.83 S669s
100 1 _aSánchez Cetina, Edesio
245 1 0 _aSeamos como niños : pensar teológicamente desde la niñez latinoamericana / Edesio Sánchez Cetina , Nils Kasberg , Ruth Alvarado , Marlene Enns ; dirigido por C. René Padilla
260 _aFlorida : Kairós , Fraternidad Teológica Latinoamericana
300 _a140 p. : il.
440 0 _aCol. FTL ; no.27
501 _arústico
505 0 0 _aLa situación de la infancia y la adolescencia en América Latina (Nils Kastberg) -- Quisiera vivir... (Ruth Alvarado) -- "... Y un niño los guiará" íEl Reino de Dios es cosa de niños! (Edesio Sánchez Cetina) -- Para un mundo mejor... El niño es el mejor protagonista (Edesio Sánchez Cetina) -- Una epistemología teológica de la infancia (Marlene Enns)
650 1 4 _aTEOLOGIA SOCIAL CRISTIANA -- \ REINO DE DIOS \ NIÑOS (TEOLOGIA CRISTIANA) \ ADOLESCENCIA
001 1836
942 _cBK
999 _c32993
_d32993
336 _atexto
_btxt
_2rdacontent
337 _2rdamedia
_asin mediación
_bn
338 _2rdacarrier
_avolumen
_bnc